McMinn’s concise human anatomy (Record no. 32412)

MARC details
000 -LEADER
fixed length control field 00458nam a2200193Ia 4500
020 ## - INTERNATIONAL STANDARD BOOK NUMBER
ISBN 9781498787741
050 ## - CALL MARK
Classification number QM 23.2 .H49/
100 ## - STATEMENT OF RESPONSIBILITY--MAIN AUTHOR NAME
Personal name Heylings, David...[et al.]
245 #0 - TITLE STATEMENT
Title McMinn’s concise human anatomy
250 ## - EDITION / VOLUME STATEMENT
Edition / Volume statement 2nd ed.
260 ## - PUBLICATION, DISTRIBUTION, ETC. (IMPRINT)
Place of publication Boca Raton
260 ## - PUBLICATION, DISTRIBUTION, ETC. (IMPRINT)
Name of publisher CRC Press
260 ## - PUBLICATION, DISTRIBUTION, ETC. (IMPRINT)
Year of publication 2018
300 ## - PHYSICAL DESCRIPTION
Number of Pages 272 p
650 ## - SUBJECT ADDED ENTRY--TOPICAL TERM
Topical Term Human anatomy
942 ## - ADDED ENTRY ELEMENTS (KOHA)
Koha item type Books
Holdings
Withdrawn status Lost status Source of classification or shelving scheme Damaged status Not for loan Permanent Location Current Location Shelving location Date acquired Accession Number Price effective from Koha item type
    Library of Congress Classification     NILE UNIVERSITY OF NIGERIA - MAIN LIBRARY NILE UNIVERSITY OF NIGERIA - MAIN LIBRARY Items on shelf 04/23/2025 0189106 04/23/2025 Books